[Event "BRA-ch Amateurs U1700"]
[White "De Oliveira, Mendel Nascimento"]
[Black "Braganca, Gabriel dos Santos"]
[Site "Sao Paulo"]
[Round "1"]
[Result "1/2-1/2"]
[Date "2024.05.30"]
[WhiteElo "1655"]
[BlackElo "1800"]
[PlyCount "104"]
[EventDate "2024.05.30"]
[EventType "swiss"]
[EventRounds "7"]
[EventCountry "BRA"]
[SourceTitle "CBM 220 Extra"]
[Source "ChessBase"]
[SourceDate "2024.07.31"]
[SourceVersion "1"]
[SourceVersionDate "2024.07.31"]
[SourceQuality "1"]

1. d4 Nf6 2. c4 g6 3. Nc3 Bg7 4. e4 d6 5. Nf3 0-0 6. Be2 e5 7. Be3 Ng4 8. Bg5 f6 9. Bh4 Nc6 10. d5 Ne7 11. Nd2 Nh6 12. f3 f5 13. b4 a5 14. a3 b6 15. Bf2 Bb7 16. c5 axb4 17. axb4 bxc5 18. bxc5 Rxa1 19. Qxa1 dxc5 20. Bxc5 c6 21. Qa2 Kh8 22. Qa3 Rf7 23. Bc4 cxd5 24. exd5 Nc8 25. d6 Rf8 26. Nd5 e4 27. Ne7 exf3 28. Nxf3 Nb6 29. Bd3 Qa8 30. 0-0 Qxa3 31. Bxa3 Nf7 32. Rb1 Nc8 33. Nxc8 Bxc8 34. d7 Bxd7 35. Bxf8 Bxf8 36. Bc4 Bc5+ 37. Kf1 Nd6 38. Rb8+ Kg7 39. Ne5 Nxc4 40. Nxd7 Nd2+ 41. Ke2 Ne4 42. Nxc5 Nxc5 43. Ke3 Kf6 44. Rb6+ Kg5 45. Rc6 Ne4 46. Rc7 Nf6 47. Kf3 h5 48. g3 h4 49. gxh4+ Kxh4 50. Rc6 Ng4 51. Kf4 Kh5 52. Rc8 Nh6 1/2-1/2